Women's participation in nutural resource mangement / (Record no. 26006)

MARC details
000 -LEADER
fixed length control field 00928nam a22002414a 4500
005 - DATE AND TIME OF LATEST TRANSACTION
control field 20071114120703.0
008 - FIXED-LENGTH DATA ELEMENTS--GENERAL INFORMATION
fixed length control field 070217s2007 ii | b 00| 0 eng
010 ## - LCCN (DPL NO)
LC control number ENG-93354
020 ## - INTERNATIONAL STANDARD BOOK NUMBER
International Standard Book Number 8189886312
Terms of availability 450.00
020 ## - INTERNATIONAL STANDARD BOOK NUMBER
International Standard Book Number 9788189886318
Terms of availability 450.00
035 ## - SYSTEM CONTROL NUMBER
System control number EN-76887
037 ## - SOURCE OF ACQUISITION
Source of stock number/acquisition DBAD / PUB
040 ## - CATALOGING SOURCE
Original cataloging agency dpl
Language of cataloging English
082 ## - DEWEY DECIMAL CLASSIFICATION NUMBER
Classification number 333.715082
100 ## - MAIN ENTRY--PERSONAL NAME
Personal name Bourai, Himanshu
245 ## - TITLE STATEMENT
Title Women's participation in nutural resource mangement /
Statement of responsibility, etc by Himanshu Bourai
260 ## - PUBLICATION, DISTRIBUTION, ETC. (IMPRINT)
Place of publication, distribution, etc Delhi
Name of publisher, distributor, etc Abhijeet Publications
Date of publication, distribution, etc 2008
270 ## - ADDRESS
Address 2/46 Tukhmeerpur Extension
City Delhi
Postal code 110094
300 ## - PHYSICAL DESCRIPTION
Extent viii, 190p.
Dimensions 22cm (Hb)
500 ## - GENERAL NOTE
General note Includes bibliographical references and index
942 ## - ADDED ENTRY ELEMENTS (KOHA)
Source of classification or shelving scheme Dewey Decimal Classification
Item type English Books
Call number suffix BOU
Classification part 333.715082
Holdings
Withdrawn status Lost status Source of classification or shelving scheme Damaged status Not for loan Collection code Home library Current library Date acquired Source of acquisition Cost, normal purchase price Total Checkouts Full call number Barcode Date last seen Copy number Cost, replacement price Koha item type
    Dewey Decimal Classification   Not For Loan Non-fiction D.B.Act.Division D.B.Act.Division 01/05/2009 DBAD / PUB 450.00   333.715082 BOU EN-76887 01/05/2009 1 450.00 English Books

© Delhi Public Library
Hit Counter
free hit counter